000 00683nam a2200181Ii 4500
003 JO-AjNU
008 230605s9999||||xx |||||||||||||| ||und||
040 _aJO-AjNU
_bara
_erda
_cJO-AjNU
041 _aara
050 1 4 _aHD9502.J65.U72.2014
100 3 _aالأردن، وزارة الطاقة والثروة المعدنية,
_eauthor
_956617
245 0 0 _aوزارة الطاقة والثروة المعدنية : التقرير السنوي
264 3 1 _aعمان،الاردن: وزارة الطاقة والثروة المعدنية، 2014
300 _a60ص
336 _atext
_btxt
_2rdacontent
337 _aunmediated
_bn
_2rdamedia
338 _avolume
_bnc
_2rdacarrier
999 _aA25322
_c28890
_d28890